1606 1368 1413 1025 1806 1630 1480 1813 1059 1023 1191 1779 1427 1528 1072 1918 1133 1656 2000 1052 1450 1366 1181 1128 1574 1179 1015 1779 1082 1265 1538 1833 1468 1217 1170 1272 1954 1550 1818 1376 1831 1156 1514 1288 1243 1751 1735 1453 1072 1671 1942 1864 1582 1029 1092 1790 1962 1769 1882 1072 1610 1906 1407 1549 1028 1722 1162 1865 2000 1143 1299 1014 1880 1736 1840 1886 1631 1796 1149 1516 1563 1148 1824 1469 1906 1915 1545 1465 1713 1185 1007 1002 1863 1676 1141 1189 1430 1430 1350 BCNSPRNW ULIB Ver.6.0+V

เปลี่ยนเป็นภาษาไทย

Change to English
 แสดงรายละเอียดบรรณานุกรม
  กลับหน้าหลัก

Brief Record : Get Marc (ISO 2709) : E-mail record : QR code < ปิดหน้าต่าง
LEADER : 00000nam 2200000uu 4500
001    13399108545
003     ULIB
008    110308s2552||||th 000 0 tha d
020    974586558
060  4 QV766^bจ653ส 2552
100 0  จุไรรัตน์ เกิดดอนแฝก
245 00 สมุนไพรลดความดันโลหิตสูง 121 ชนิด/^cจุไรรัตน์ เกิดดอนแฝก
250    พิมพ์ครั้งที่ 1
260    กรุงเทพฯ:^bศูนย์บริการสาธารณสุข,^c2552
650  7 ความดันโลหิตสูง
650  7 สมุนไพร
945    ^p290^l0^i027095
995    ทศพร
999 ^a ใช้งานได้ทุกระบบ
รายการนี้ยังไม่มีแท็ก
คุณยังไม่ได้ล็อกอิน คุณสามารถมีกิจกรรมร่วมกับเว็บไซต์ได้ แต่ต้องล็อกอินก่อน ::
  ล็อกอิน

รายการสื่อสารสนเทศ

ลำดับที่ ประเภท เลขเรียก/บาร์โค้ด สถานที่ สถานะ
- ไม่พบข้อมูล -

รายการใกล้เคียง
    ผู้แต่ง [จุไรรัตน์ เกิดดอนแฝก]

    หัวเรื่อง [ความดันโลหิตสูง]
    หัวเรื่อง [สมุนไพร]

BibComment


ยังไม่เคยถูกคอมเมนท์

คอมเมนท์ทรัพยากรรายการนี้
  คอมเมนท์: สมุนไพรลดความดันโ..


 Copyright 2026. Bcnsprnw @Library